| 000 | 00854nam a2200253 i 4500 | ||
|---|---|---|---|
| 005 | 20221127144211.0 | ||
| 008 | 221127s2022 ch a j 000 0 chi d | ||
| 020 |
_a9787559083944 _cRM 57.60 _qhardback |
||
| 040 |
_aPPAK _beng _cPPAK _erda |
||
| 082 | 0 | 4 |
_223 _a895.1 |
| 090 | 0 | 0 |
_a895.1 _bCHA _dK |
| 100 | 1 |
_aCha, Xuan, _eauthor _eillustrator. |
|
| 245 | 1 | 0 |
_6880-01 _aDIXIA CHANGCHENG KANRJING = _bUnderground the Great Wall / _cCha Xuan |
| 264 | 1 |
_aWurumuqi : _bXinjiang Youth Press , _c2022 |
|
| 300 |
_a36 pages : _bcolour illustrations ; _c29 x 26 cm |
||
| 336 |
_atext _2rdacontent |
||
| 337 |
_aunmediated _2rdamedia |
||
| 338 |
_avolume _2rdacarrier |
||
| 546 | _aText in scripts Chinese | ||
| 650 | 1 | 0 | _aChinese juvenile literature. |
| 650 | 2 | 0 |
_aGreat Wall _vJuvenile literature. |
| 880 | 1 | 0 |
_6245-01 _a地下长城”坎儿井 |
| 942 |
_2ddc _cB |
||
| 999 |
_c190211 _d190211 |
||